000 00481nam a2200157Ia 4500
008 240729s9999 xx 000 0 und d
022 _a2580-5592
245 0 _aInternational Journal of Applied Sciences in Tourism and Events
260 _aIndonesia
260 _bPoliteknik Negeri Bali
650 _a Geography (General)
650 _aGeography. Anthropology. Recreation
856 _uhttps://doaj.org/toc/2371fb399a4449f59db7291079874d59
942 _2ddc
942 _cDOAJEJ
999 _c65768
_d65768
945 _a1
_bMadushi Gamage
_c1
_dMadushi Gamage